Famous People Named Lawrence or Laurence - Statistics

General Stats
  • This quiz has been taken 169 times
  • The average score is 6 of 12
Answer Stats
Life Hint Person % Correct
1990- The world's highest paid actress in 2015 and 2016 Jennifer Lawrence
88%
1907-1989 Shakespearean actor who won 4 Oscars Laurence Olivier
78%
1888-1935 Famous for his role in the Arab Revolt against the Ottoman Empire T. E. Lawrence
67%
1961- He played Morpheus in The Matrix Laurence Fishburne
66%
1965- Was in Bad Boys alongside Will Smith Martin Lawrence
57%
1885-1930 Author of Lady Chatterley's Lover, Sons and Lovers, and The Rainbow D. H. Lawrence
50%
1903-1992 Bandleader, accordionist, and TV host, famous for his "champagne music" Lawrence Welk
31%
1959- NFL linebacker for the New York Giants (1981-1993) Lawrence Taylor
29%
1976- Best known for his character from Blossom ("Whoa!") Joey Lawrence
28%
225-258 Deacon of Rome with a river, gulf, and multiple schools named after him Saint Lawrence
28%
1928-1973 Lithuanian-British actor: Room at the Top, The Manchurian Candidate Laurence Harvey
15%
1713-1768 Author of The Life and Opinions of Tristram Shandy, Gentleman Laurence Sterne
14%
No matching quizzes found
Score Distribution
Percent of People with Each Score
Percentile by Number Answered
Your Score History
You have not taken this quiz